The Walking Dead tous les personnages par images - Statistiques

Statistiques générales
  • Ce quiz a été pris 213 fois
    68 depuis la dernière actualisation
  • Le résultat moyen est 57 sur 246
Statistiques - réponses
Par images Réponse % Correct
Rick Grimes
100%
Glenn Rhee
94%
Morgan Jones
92%
Shane Walsh
90%
Daryl Dixon
88%
Andrea Harrison
86%
Carl Grimes
86%
Michonne Grimes
84%
Carol Peletier
82%
Maggie Green
82%
Lori Grimes
80%
T-Dog
80%
Hershel Green
78%
Eugene Porter
76%
Merle Dixon
76%
Beth Green
74%
Dale Horvath
74%
Philip Blake / Le gouverneur
74%
Gabriel Stokes
72%
Sasha Williams
72%
Abraham Ford
70%
Rosita Espinosa
70%
Negan Smith
68%
Paul Rovia / Jesus
68%
Sophia Peletier
66%
Tara Chambler
66%
Ezekiel
64%
Tyreese Williams
64%
Aaron
62%
Enid
60%
Judith Grimes
60%
Alpha
58%
Bob Stookey
58%
Ed Peletier
58%
Beta
56%
Dwight
56%
Noah
54%
Jerry
52%
Shiva
52%
Amy Harisson
50%
Deanna Monroe
50%
Le chien
50%
Lizzie Samuels
50%
Siddiq
50%
Simon
50%
Denise Cloyd
48%
Otis
48%
Eric Raleigh
46%
Gregory
46%
Jadis / Anne
46%
Yumiko Okumura
46%
Spencer Monroe
44%
Henry
42%
Jim
42%
Mika Samuels
42%
Lydia
38%
Morales
38%
Olivia
38%
Duane Jones
36%
Edwin Jenner
36%
Jacqui
36%
Juanita Sanchez / Princesse
36%
Milton Mamet
36%
Magna
34%
Rick Jr Grimes
34%
Connie
32%
Axel
30%
Nicholas
30%
Ron Anderson
30%
Sam Anderson
30%
Gareth
28%
Patricia
28%
Martinez
26%
Randall
26%
Jessie Anderson
24%
Karen
24%
Nabila
24%
Abuela
22%
Arat
22%
Gavin
22%
Heath
22%
Hershell Jr Rhee
22%
Jimmy
22%
Lucile Smith
22%
Patrick
22%
Sherry
22%
Gracie
20%
Luke
20%
Alden
18%
Benjamin
18%
Coco Espinosa
18%
Elijah
18%
Leah
18%
Maxxine Mercer
18%
Oscar
18%
Penny Blake
18%
Andre
16%
Dawn
16%
Eastman
16%
Gamma / Mary
16%
Laura
16%
Leon Basset
16%
Pamela Milton
16%
Tomas
16%
Aiden Monroe
14%
Beatrice
14%
Earl Sutton
14%
Kelly
14%
Mike
14%
Reg Monroe
14%
Tammy rose Sutton
14%
Amber
12%
Andrew
12%
Big Tiny
12%
Dante
12%
Dave
12%
DJ
12%
Donna
12%
Felipe
12%
Gage
12%
Joe
12%
Le Pape
12%
Owen
12%
Shawn Green
12%
Shira
12%
Tobin
12%
Adeline
10%
Allen
10%
Cyndie
10%
Gargulio
10%
Martin
10%
Meghan
10%
Michael Mercer
10%
Pete Anderson
10%
Rachel
10%
Regina
10%
Richards
10%
Rodney
10%
Wayne Dunlap
10%
Zach
10%
Ben
8%
Bob
8%
David
8%
Dianne
8%
Frankie
8%
Guillermo
8%
Harlan Carson
8%
Jenny Jones
8%
Lilly Chambler
8%
Mary
8%
Miguel
8%
Sebastian Milton
8%
Shumpert
8%
Terry
8%
Tim
8%
Tina
8%
Virgil
8%
Bertie
6%
Billy
6%
Brandon Carver
6%
Caleb
6%
Cole
6%
Duncan
6%
Emmett Carson
6%
Francine
6%
Gary
6%
Gorman
6%
Gros Joey
6%
Jared
6%
Jules
6%
Justine
6%
Lou
6%
Marco
6%
Mays
6%
Molly
6%
Paula
6%
Ryan Samuels
6%
Tomichi Okumura
6%
Tony
6%
Welles
6%
Addam Sutton
4%
Alex
4%
Alicia
4%
Alvaro
4%
Ana
4%
Andy
4%
Annette
4%
Annie
4%
Brion
4%
Bruce
4%
Bud
4%
Carter
4%
Clara
4%
Crowley
4%
Dan
4%
Daniel Newman
4%
David
4%
David
4%
David Chambler
4%
Donnie
4%
Ethan
4%
Freddie
4%
Georgie
4%
Haley
4%
Hanson
4%
Harley
4%
Jed
4%
Joan
4%
Jocelyn
4%
Jody
4%
Kal
4%
Kathy
4%
Keneth Sutton
4%
Lance Hornsby
4%
Len
4%
Licari
4%
Mark
4%
Michael Coleman
4%
Michelle
4%
Mitch Dolgen
4%
Natania
4%
Nick
4%
O'donnell
4%
Ozzy
4%
Pete Dolgen
4%
Roman
4%
Sam
4%
Scott
4%
Shelly
4%
Shepherd
4%
Steven Edwards
4%
Tamiel
4%
Tanya
4%
Tony
4%
Agatha
2%
Frances
2%
Frank
2%
Frost
2%
Mancea
2%
Clark
0%
Evans
0%
Ian
0%
John
0%
Kayla Brand
0%
Toby Carlson
0%
Tyler Davis
0%
Aucun quiz correspondant
Distribution des résultats
% des personnes avec chaque résultat
Percentile par nombre de réponses
Votre historique - résultats
Vous n’avez pas pris ce quiz depuis la dernière actualisation